Bilecik Bilecik Bilecik Bilecik Bilecik

Müzik türleri ve biçimleri = (Record no. 46710)

MARC details
000 -BAŞLIK
Sabit Uzunluktaki Kontrol Alanı 01009nam a22003257a 4500
001 - KONTROL NUMARASI
Control Dosyası 0046744
003 - KONTROL NUMARASI KİMLİĞİ
Kontrol Alanı KOHA_MİRAKIL
005 - EN SON İŞLEM TARİHİ ve ZAMANI
Kontrol Alanı 20260207003530.0
007 - FİZİKSEL TANIM SABİT ALAN - GENEL BİLGİ
Sabit uzunluklu kontrol alanı ta
008 - SABİT UZUNLUKTAKİ VERİ ÖGELERİ - GENEL BİLGİ
Sabit Alan 141125b1994 tu |||gr||||#||||0|tur |
020 ## - ISBN - ULUSLARARASI STANDART KİTAP NUMARASI
Isbn 975470211X
040 ## - KATALOGLAMA KAYNAĞI
Özgün Kataloglama Kurumu TR-BiSEU
Kataloglama Dili tur
Çeviri Kurumu TR-BiSEU
Açıklama Kuralları rda
041 0# - DİL KODU
Metin ya da ses kaydının dil kodu tur
044 ## - YAYINLAYAN/ÜRETEN KURULUŞUN ÜLKE KODU
ISO country code tu
050 ## - SINIFLAMA ve YER NUMARASI
Sınıflama Numarası ML448
Yer Numarası .H63 1994
100 1# - KİŞİ ADI
Yazar Adı (Kişi adı) Hodeir, Andre.
240 10 - TEK BİÇİM BAŞLIK
Tekbiçim Başlık <a href="Les formes de la musique">Les formes de la musique</a>
Language of a work Türkçe
245 1# - ESER ADI BİLDİRİMİ
Başlık Müzik türleri ve biçimleri =
Alt Eseradı vb. Les formes de la musique/
Sorumluluk Bildirimi Andre Hodeir ; Andre Hodeir; çeviren İlhan Usmanbaş.
264 #1 - ÜRERİM, YAYIN, DAĞITIM ve TELİF BİLDİRİMİ
Yayın yeri İstanbul :
Yayınlayan İletişim yayınları
Yayın tarihi 1994
300 ## - FİZİKSEL TANIMLAMA
Sayfa, Cilt vb. 126 sayfa; 19 cm.
336 ## - İÇERİK TÜRÜ
Content type term metin
Content type code txt
Source rdacontent
337 ## - MEDYA TÜRÜ
Media type term aracısız
Media type code n
Source rdamedia
338 ## - TAŞIYICI TÜRÜ
Carrier type term cilt
Carrier type code nc
Source rdacarrier
490 1# - DİZİ BİLDİRİMİ
Dizi Bildirimi İletişim Yayınları.
490 1# - DİZİ BİLDİRİMİ
Dizi Bildirimi Cep üniversitesi ;
Cilt Numarası 78
650 #0 - KONU BAŞLIĞI EK GİRİŞ - KONU TERİMİ
Konusal terim veya coğrafi ad Musical form.
9 (RLIN) 86254
830 1# - SERİ EK GİRİŞİ - TEKBİÇİM ESER ADI
Tekbiçim Başlık İletişim Yayınları.
9 (RLIN) 7494
830 1# - SERİ EK GİRİŞİ - TEKBİÇİM ESER ADI
Tekbiçim Başlık Cep üniversitesi ;
Volume number/sequential designation 78
9 (RLIN) 10856
942 ## - EK GİRİŞ ÖGELERİ (KOHA)
Source of classification or shelving scheme Library of Congress Classification
Koha item type Book
Holdings
Materyal Türü Kalıcı Konum Mevcut Konum Raf Yeri Sınıflandırma Kaynağı Edinim Bilgisi Ana Konular Alt Konular Yer Numarası Demirbaş Numarası Fatura Tarihi Geri Çekilme Durumu Kayıp Durumu Hasarlı Durumu Kredi için değil Kayıt Tarih Toplam Ödünçverme Son Görülme Tarihi Son Kontrol Tarihi Genel / Bağış Notu
Book Prof. Dr. Azmi Özcan Kütüphanesi Prof. Dr. Azmi Özcan Kütüphanesi Uluğbey Salonu Library of Congress Classification Bağış MÜZİK Müzik Edebiyatı ML448 .H63 1994 0046744 02/02/2026         25/11/2014   05/12/2024 05/12/2024 Genel Bağış